Chère Laurette / (Record no. 18685)
[ view plain ]
| 000 -LEADER | |
|---|---|
| fixed length control field | 00481cam a2200169 a 4500 |
| 020 ## - INTERNATIONAL STANDARD BOOK NUMBER | |
| ISBN | 9782896470983 (pbk. : t. 1) |
| 020 ## - INTERNATIONAL STANDARD BOOK NUMBER | |
| ISBN | 9782896471096 (pbk. : t. 2) |
| 020 ## - INTERNATIONAL STANDARD BOOK NUMBER | |
| ISBN | 9782896471720 (pbk. : t. 3) |
| 020 ## - INTERNATIONAL STANDARD BOOK NUMBER | |
| ISBN | 9782896471737 (ppk. : t. 4) |
| 040 ## - CATALOGING SOURCE | |
| Transcribing agency | DLC |
| 082 00 - DEWEY DECIMAL CLASSIFICATION NUMBER | |
| Classification number | 843 EHH 2008 C151 Or. |
| 100 1# - MAIN ENTRY--AUTHOR NAME | |
| Personal name | David, Michel, |
| 245 10 - TITLE STATEMENT | |
| Title | Chère Laurette / |
| 260 ## - PUBLICATION, DISTRIBUTION, ETC. (IMPRINT) | |
| Place of publication | Montréal : |
| Name of publisher | Éditions Hurtubise HMH, |
| Year of publication | c2008- |
| 300 ## - PHYSICAL DESCRIPTION | |
| Number of Pages | v. <1-3> ; |
| Dimensions | 23 cm. |
| 942 ## - ADDED ENTRY ELEMENTS (KOHA) | |
| Koha item type | ADB |
| 952 ## - LOCATION AND ITEM INFORMATION (KOHA) | |
| Withdrawn status [LOCAL, KOHA] | 0 |
| Source of acquisition | Permanent Location | Date acquired | Koha item type | Lost status | Shelving location | Current Location | Full call number |
|---|---|---|---|---|---|---|---|
| A39211 | Library Block C | 2020-01-10 | សៀវភៅភាសាអង់គ្លេស | C151 | Library Block C | 843 EHH 2008 C151 Or. |